| 000 | 00525nam a2200169 i 4500 | ||
|---|---|---|---|
| 001 | bg | ||
| 100 | 1 | _aGLASER, Tadeusz | |
| 245 | 0 |
_aOchrona roślin ogrodniczych. Podręcznik dla techników ochrony roślin / _cTadeusz Glaser, Zbigniew W. Suski. |
|
| 260 |
_aWarszawa : _bPaństw. Wydawn. Roln. i Leśne, _c1975. |
||
| 300 |
_as. 369, nlb. 3 : _brys., ilustr. |
||
| 700 | 1 | _aSUSKI, Zbigniew W. | |
| 040 | _cBPK | ||
| 041 | _apol | ||
| 080 | _a635+634.1/.8:632 | ||
| 942 | _cKS | ||
| 008 | s pl f |000 0 pol | ||
| 999 |
_c16608 _d16608 |
||
| 856 |
_uhttp://koha.tu.koszalin.pl/cgi-bin/koha/opac-detail.pl?biblionumber=16608 _yKatalog online BPK |
||